| 000 | 00533 a2200169 4500 | ||
|---|---|---|---|
| 020 | _a0201548739 | ||
| 082 | _a005.43 | ||
| 090 |
_c2287 _d2287 |
||
| 100 | _aSilberschatz, Abraham. | ||
| 245 |
_aOperating system concepts _cAbraham Silberschatz |
||
| 260 |
_aReading, Mass. : _bAddison-Wesley _cc1991. |
||
| 300 |
_axviii, 696 p. : _bill. _c25 cm. |
||
| 440 | _aAddison-Wesley series in computer science | ||
| 500 | _aIncludes bibliographical references and index | ||
| 650 | _aOperating systems (Computers) | ||
| 942 |
_cBK _k005.43 GAL |
||
| 999 |
_c6218 _d6218 |
||